000 01437cam a22001934a 4500
005 20250605164338.0
008 250528s ||||||||||||||||||||||||d
035 _a23532
040 _aGR-AtMCL
_bgre
_dGR-AtMCL
_eAACR2
245 1 _aTechnical Analysis of Treatment Sorting Systems and Reduction of Final Residue in Hellenic Recycling Center S.A/
260 _c2016
300 _a47
520 _aIntroduction, Analysis of Electric and Electronic Equipment, Treatment Process, Magnetic and Electromagnetic Suspended Separator, Principle of Operation, Principle of Work, Technical Data and Muchinery Components, Electromagnetic Separator, Permanent Magnetic Separator, Types of Processing Materials in Hellenic Recycling Centre S.A, Eddy Current and Induction Separator, Principle of Operation, Eddy Current, Optical Separator, Near Infrared, Air Classifier Separators (Dry Densimetric Table, Wind Shifting System), Dry Densimetric Table, Wind Shifting System (ZIg-Zag-Cyclone), Reduction of Residue, Treatment by Eddy Current Sorting System, Treatment by Induction Sorting System, Treatment by Optical Sorting System, Treatment by Near Infrared (NIR) Sorting System, Treatment Line of Residue (Hammer Mill), Thermal Treatment Line of Residue, Costing, Conclusion Reference List, Bibliography.
700 1 _aPanoutsos Stylianos
_99073
700 1 _aVakonitos Diogenis
_99106
942 _cDS
999 _c8533
_d8533